000 00513nmm a2200157Ia 4500
008 251105s9999||||xx |||||||||||||||||und||
020 _a9781646996056
041 _aspa
100 _aVercelli, Simonetta
245 0 _aLa palabra adecuada. Las frases que deben decirse o escribirse en cada ocasión
264 _a[Madrid, España] :
_bDe Vecchi,
_c[Fecha de publicación no identificada]
300 _a0 páginas
650 _aFamily
856 _uhttps://public.digitaliapublishing.com/a/122992
942 _cCF
999 _c75319
_d75319